| 000 | 00712nam a2200229 a 4500 | ||
|---|---|---|---|
| 008 | |||
| 020 | _a1861564228 (pbk.) | ||
| 049 | _aMAIN | ||
| 090 |
_aR845 _bPRA |
||
| 245 | 1 | 0 |
_aThe practice-based educator : _ba reflective tool for CPD and accreditation / _cBy Vinette Cross... [et. al.] |
| 260 |
_aChichester : _bJohn Wiley & Sons Ltd., _c2006. |
||
| 300 |
_axiii, 246 p. : _bill. ; _c24 cm. |
||
| 500 | _aIncludes bibliographical references. | ||
| 500 | _aIncludes Index. | ||
| 650 | 1 | _aMedicine. | |
| 700 | _aCross, Vinette. | ||
| 907 |
_a.b10262532 _b16-02-12 _c30-04-09 |
||
| 003 | |||
| 005 | 20230120204013.0 | ||
| 040 | _cNUST | ||
| 942 |
_cBOOKS _kR845 _mPRA |
||
| 999 |
_c115394 _d115394 |
||